| 000 | 01523nam0a22002891 4500 | ||
|---|---|---|---|
| 001 | v19\rc\1785990 | ||
| 005 | 20260405200103.0 | ||
| 035 | _a(NLR Aleph) 005250949 | ||
| 090 |
_a5803192 _c5803192 |
||
| 100 | _a20061204d1904 |||y0rusy50 ca | ||
| 101 | 0 | _arus | |
| 102 | _aRU | ||
| 105 | _aa z ||||| | ||
| 200 | 1 |
_aВооружение русской армии в Крымскую кампанию _eИзд. по приказанию е. и. высоч. вел. кн. Александра Михайловича Музеем Севастоп. обороны к 50-летию Крым. кампании _fСост. гв. шт.-кап. В. Федоров, делопроизводитель Оруж. отд. Арт. ком., чл. Комис. для опытов по оруж. и партон. части |
|
| 210 |
_aСанкт-Петербург _cтипо-лит. С.Н. Цепова _d1904 |
||
| 215 |
_a206 с., 5 л. ил. _d25 |
||
| 225 | 1 | _aВ пользу неимущих ветеранов севастопольцев | |
| 700 | 1 |
_4220 _7ca _8rus _aФедоров _bВ. Г. _cд-р техн. наук, конструктор оружия _f1874-1966 _gВладимир Григорьевич _970671 _3RU\NLR\AUTH\7787743 |
|
| 801 | 0 |
_aRU _bNLR _c20061204 _gpsbo |
|
| 801 | 0 |
_aRU _bRuMoRGB _c20061204 _2psbo |
|
| 801 | 1 |
_aRU _bProSoft-M _c20061204 _2rusmarc |
|
| 801 | 2 |
_aRU _bNLR _c20100526 _2rusmarc |
|
| 852 |
_aNLR _j38.44.6.11 |
||
| 852 |
_aNLR _j133/6478 |
||
| 852 |
_aNLR _bМф _jК-1/4951 |
||
| 942 | _cBOOK | ||
| 980 | _aNB | ||